000
00278nam a2200109 4500
008
160623b xxu||||| |||| 00| 0 eng d
100
_9
768
_a
Tolliver, R.C
245
_a
Decision at Sea
260
_a
Tennessee
_b
Broadman Press
_c
1980
300
_a
Decision at Sea
942
_2
ddc
_c
BK
999
_c
615
_d
615